000 00494nam a22001815i 4500
001 175573
003 ES-MaACL
005 20230906215846.0
008 101108s1980 sp |||| | spa d
020 _a84-7017-585-8
080 _a821.134.2-31"19"
100 1 _aFernández Santos, Jesús.
_950079
245 1 0 _aExtramuros /
_cJesús Fernández Santos.
250 _a7ª ed.
260 _aBarcelona :
_bArgos Vergara,
_c1980.
300 _a253 p. ;
_c20 cm.
852 _aES-MaACL
_jE-13461
999 _c175573
_d175573